puro cuento / (Registro nro. 2583)

Detalles MARC
000 -CABECERA
Longitud fija campo de control 01745nam a2200373 a 4500
003 - • IDENTIFICADOR DELl NÚMERO DE CONTROL
Identificador del número de control CO-ViMGA
008 - • CÓDIGOS DE INFORMACIÓN DE LONGITUD FIJA
Códigos de información de longitud fija 141112s2004 ck r 000 u spa d
020 ## - • NÚMERO INTERNACIONAL NORMALIZADO PARA LIBROS
Número Internacional Normalizado para Libros (ISBN) 9789589177778
040 ## - FUENTE DE LA CATALOGACIÓN
Centro catalogador de origen CO-ViMGA
Lengua de catalogación spa
Centro transcriptor CO-ViMGA
245 10 - • TITULO PROPIAMENTE DICHO
Título puro cuento /
Mención de responsabilidad, etc. ilustración de Rafael Yockteng y Daniel Gómez ; traducción Pedro Lama... (et. all.)
250 ## - • MENCIÓN DE EDICIÓN
Mención de edición 1a ed.
300 ## - • DESCRIPCIÓN FÍSICA
Extensión 32 p. : il. col.
490 ## - • MENCIÓN DE SERIE
Mención de serie Leer es mi cuento,
Designación de volumen o secuencia 3
505 ## - • NOTA DE CONTENIDO CON FORMATO
Nota de contenido con formato La princesa y la alverja / Hans Christian Andersen ; El cuento de Alí el persa / de Las mil y una noches ; El gallo de oro / Alexander Pushkin ; Los tres cerditos / Joseph Jacobs ; El gigante egoísta / Oscar Wilde ; Los músicos de Bremen / Hermanos Grimm
650 14 - • PUNTO DE ACCESO ADICIONAL DE MATERIA - TÉRMINO DE MATERIA
Término de materia o nombre geográfico como elemento inicial CUENTOS CLASICOS
650 14 - • PUNTO DE ACCESO ADICIONAL DE MATERIA - TÉRMINO DE MATERIA
Término de materia o nombre geográfico como elemento inicial CUENTOS CLASICOS ALEMANES
650 14 - • PUNTO DE ACCESO ADICIONAL DE MATERIA - TÉRMINO DE MATERIA
Término de materia o nombre geográfico como elemento inicial CUENTOS CLASICOS DANESES
650 14 - • PUNTO DE ACCESO ADICIONAL DE MATERIA - TÉRMINO DE MATERIA
Término de materia o nombre geográfico como elemento inicial CUENTOS CLASICOS INGLESES
650 14 - • PUNTO DE ACCESO ADICIONAL DE MATERIA - TÉRMINO DE MATERIA
Término de materia o nombre geográfico como elemento inicial CUENTOS INFANTILES
650 14 - • PUNTO DE ACCESO ADICIONAL DE MATERIA - TÉRMINO DE MATERIA
Término de materia o nombre geográfico como elemento inicial DESDE LOS 3 AÑOS
650 14 - • PUNTO DE ACCESO ADICIONAL DE MATERIA - TÉRMINO DE MATERIA
Término de materia o nombre geográfico como elemento inicial ILUSTRADORES COLOMBIANOS
700 1# - • PUNTO DE ACCESO ADICIONAL - NOMBRE DE PERSONA
Nombre de persona Andersen, Hans Christian, 1805 - 1875 Pushkin, Alexander Serguéyevich, 1799 - 1837 Jacobs, Joseph, 1854 - 1916 Wilde, Oscar, 1854 - 1900 Grimm, Jacob y Wilhelm
700 1# - • PUNTO DE ACCESO ADICIONAL - NOMBRE DE PERSONA
Nombre de persona Andersen, Hans Christian. La princesa y la alverja
700 1# - • PUNTO DE ACCESO ADICIONAL - NOMBRE DE PERSONA
Nombre de persona Grimm, Jacob y Wilhelm. Los músicos de Bremen
700 1# - • PUNTO DE ACCESO ADICIONAL - NOMBRE DE PERSONA
Nombre de persona Jacobs, Joseph. Los tres cerditos
700 1# - • PUNTO DE ACCESO ADICIONAL - NOMBRE DE PERSONA
Nombre de persona Lama, Pedro
700 1# - • PUNTO DE ACCESO ADICIONAL - NOMBRE DE PERSONA
Nombre de persona Pushkin, Alexander Serguéyevich. El gallo de oro
700 1# - • PUNTO DE ACCESO ADICIONAL - NOMBRE DE PERSONA
Nombre de persona Wilde, Oscar. El gigante egoista
700 1# - • PUNTO DE ACCESO ADICIONAL - NOMBRE DE PERSONA
Nombre de persona Yockteng, Rafael, 1976 - Gómez, Daniel
942 ## - ENTRADA DE ELEMENTOS AGREGADOS (KOHA)
Fuente de clasificaión o esquema Dewey Decimal Classification
Koha [por defecto] tipo de item LIbro
Existencias
Perdido Fuente de clasificación o esquema Estado Físico No para préstamo Forma de adquisición Localización permanente Localización actual Fecha adquisición Serie de enumeración / cronolog&íacute;a Préstamos totales Signatura completa Código de barras Fecha última consulta Fecha último préstamo Número de copia Fecha del precio de reemplazo Tipo de item de Koha Localización en estanterías Note pública
  Dewey Decimal Classification     Infantil Biblioteca Pública San Carlos de Guaroa - Eduardo Carranza Biblioteca Pública San Carlos de Guaroa - Eduardo Carranza 12/03/2025     C LEE1 SG04394 12/03/2025   Ej.1 12/03/2025 LIbro Sala Infantil  
        Colección Sala Infantil de Literatura Pocatil y Tilín Biblioteca Pública Departamental Eduardo Carranza - Villavicencio Biblioteca Pública Departamental Eduardo Carranza - Villavicencio 02/28/2013     C LEE1 ECA21999 11/26/2024   Ej.2 11/26/2024 LIbro Sala Infantil 16361 | 21148
        Colección Sala Infantil de Literatura Pocatil y Tilín Biblioteca Pública Departamental Eduardo Carranza - Villavicencio Biblioteca Pública Departamental Eduardo Carranza - Villavicencio 02/28/2013     C LEE1 ECA21950 11/26/2024   Ej.3 11/26/2024 LIbro Sala Infantil 16361 | 21146
        Colección Sala Infantil de Literatura Pocatil y Tilín Biblioteca Pública Departamental Eduardo Carranza - Villavicencio Biblioteca Pública Departamental Eduardo Carranza - Villavicencio 02/28/2013     C LEE1 ECA21998 11/26/2024   Ej.1 11/26/2024 LIbro Sala Infantil 16361 | 21147
  Dewey Decimal Classification     Sala Infantil Segundo Piso Biblioteca Pública Germán Arciniegas - Villavicencio Biblioteca Pública Germán Arciniegas - Villavicencio 12/04/2015 16/abr/2013 1 C LEE 25911 04/03/2018 03/22/2018 Ej. 1 12/04/2015 LIbro    
  Dewey Decimal Classification     Infantil Biblioteca Pública La Macarena Biblioteca Pública La Macarena 07/30/2024     C LEE LM001579 07/30/2024   Ej.1 07/30/2024 Libro Infantil Sala Infantil  
  Dewey Decimal Classification     Infantil Biblioteca Pública Uribe - Reinerio Arenas Biblioteca Pública Uribe - Reinerio Arenas 07/14/2025     C LEE URI02902 07/14/2025   Ej.1 07/14/2025 Libro Infantil Sala Infantil  









Instituto Departamental de Cultura del Meta - Red Departamental de Bibliotecas Públicas del Meta.